000 00213 a2200097 4500
001 45975
100 _aBennete A
245 _aThe week-end cricketer
260 _aLondon
_bHutchinson's
_c
090 _c29092
_d29092
942 _aNUST-CAE
_cM
_c21216
999 _c281048
_d281048